| 000 | 00605nam a2200193 a 4500 | ||
|---|---|---|---|
| 001 | 000015324 | ||
| 005 | 20240412074243.0 | ||
| 008 | 100205s2007 dr ac 001 p spa d | ||
| 040 |
_aDO-SdBNP _bspa _cBNPHU |
||
| 082 |
_aRD861.44 _bP649m |
||
| 100 | 1 |
_aPineda, Rafael _910784 |
|
| 245 | 1 | 4 |
_aLas mariposas de San Juan / _cRafael Pineda. |
| 260 |
_aTaipéi, China : _bTsen Wen She, _c2007. |
||
| 300 |
_a26 p. : _bil., retrs ; _c22 cm. |
||
| 500 | _aIncluye datos biográficos del autor en la contracubierta. | ||
| 650 | 0 |
_aPoesía dominicana _966 |
|
| 650 | 0 |
_aLiteratura dominicana. _967 |
|
| 049 | _aBNPD | ||
| 999 |
_c14890 _d14890 |
||